000
00196 a2200097 4500
001
16309
100
_a
Morrison
245
_a
Instrument Pilot Exam.
260
_a
_b
Arco
_c
090
_c
12482
_d
12482
942
_a
NUST-CAE
_c
M
_c
2761
999
_c
251382
_d
251382